| 000 | 00571nam a2200205Ia 4500 | ||
|---|---|---|---|
| 005 | 20240506102358.0 | ||
| 008 | 131103s9999 xx 000 0 und d | ||
| 020 |
_a81-207-00856 _cRs. 90 |
||
| 040 | _aLoreto College | ||
| 041 | _aEnglish | ||
| 082 |
_a371.42 _bKOC |
||
| 100 | _aKochhar, S.K. | ||
| 245 |
_aGuidance and Counselling in colleges and universities _cS.K. Kochar |
||
| 260 |
_aDelhi _bSterling _c2007 |
||
| 300 | _a21cm. | ||
| 504 | _aIncludes appendix & bibliography | ||
| 650 | _aEducational & vocational guidance | ||
| 850 | _aLCBED | ||
| 942 | _cBK | ||
| 999 |
_c26129 _d76608 |
||